000 01120cam a22003377a 4500
003 CHAP
005 20220329135133.0
008 971013s1977 r 00010 d
010 _a31502
011 _a32474
035 _a36589
040 _cCHAP
090 _aTesis
100 0 0 _aMartínez Chávez, Raúl.
_971925
245 0 _aContribución al estudio de la sincronización de estros
260 _a(Monterrey, N.L.) :
_bEl autor,
_c1977
300 _a28 h
502 _aTesis (Ing. Agrónomo Zootecnista) -- ITESM. Div. de Ciencias Agropecuarias y Marítimas
590 _aALEPH
_b10
_c20130110
_lUCH01
_h1253
590 _aBATCH-UPD
_b10
_c20130110
_lUCH01
_h1726
590 _aBATCH-UPD
_b10
_c20130410
_lUCH01
_h1108
590 _aBATCH-UPD
_b10
_c20130914
_lUCH01
_h0931
590 _aCONVERSION
_b10
_c20130109
_lUCH01
_h1318
650 4 _aSincronización del celo.
_9106556
650 1 4 _aCiclo estrual.
_923072
650 1 4 _aGanado vacuno
_xReproducción.
_945510
650 1 4 _aHormonas
_xEfecto en animales domésticos.
_956236
901 _aBK
942 _cTESIS
949 _bBC
_cTES
_d-84320
_eTS1
_i36589
_si
999 _c31502
_d31502